[Event "Rottach Egern Seniors Cup 12th"]
[Site "Rottach Egern"]
[Date "2024.04.07"]
[Round "2"]
[White "Prause, Dieter"]
[Black "Rathmanner, Anton"]
[Result "1-0"]
[WhiteElo "1877"]
[BlackElo "1775"]
[PlyCount "114"]
[EventDate "2024.04.06"]
[EventType "swiss"]
[EventRounds "9"]
[EventCountry "GER"]
[SourceTitle "CB16_2024"]
[SourceDate "2024.04.17"]
[SourceVersion "1"]
[SourceVersionDate "2024.04.17"]
[SourceQuality "1"]

1. Nf3 d5 2. d4 Nf6 3. e3 g6 4. c4 Bg7 5. Nc3 0-0 6. Qc2 c6 7. Bd3 Nbd7 8. cxd5 cxd5 9. Qb3 e6 10. Bd2 a6 11. 0-0 b5 12. a4 b4 13. Qxb4 Rb8 14. Qa3 Re8 15. b3 e5 16. dxe5 Nxe5 17. Nxe5 Rxe5 18. Ne2 Ne4 19. Bxe4 Rxe4 20. Bc3 f6 21. Rfd1 Bb7 22. Bd4 h5 23. Rac1 h4 24. h3 g5 25. a5 Qd7 26. f3 Ree8 27. b4 Qe7 28. Bc5 Qe6 29. Rd3 f5 30. Bd4 Bf8 31. Bc5 Bg7 32. Qa2 Rbd8 33. Bb6 Rd7 34. Nd4 Qf7 35. Qd2 Be5 36. Nb3 Rde7 37. Nc5 Bc6 38. Nb3 Bb7 39. Nd4 f4 40. Nc6 Bxc6 41. Rxc6 fxe3 42. Qe2 Qf4 43. g4 Qg3+ 44. Qg2 Qxg2+ 45. Kxg2 e2 46. Bf2 d4 47. Rg6+ Bg7 48. Be1 Rf8 49. Rxg5 Rff7 50. b5 axb5 51. Rxb5 Kf8 52. Rg5 Re5 53. Rxe5 Bxe5 54. Bxh4 Bf6 55. Be1 Ra7 56. f4 Rxa5 57. Bxa5 Bh4 1-0

[Event "Rottach Egern Seniors Cup 12th"]
[Site "Rottach Egern"]
[Date "2024.04.06"]
[Round "1"]
[White "Rathmanner, Anton"]
[Black "Hartlieb, Juergen"]
[Result "0-1"]
[WhiteElo "1775"]
[BlackElo "1977"]
[PlyCount "76"]
[EventDate "2024.04.06"]
[EventType "swiss"]
[EventRounds "9"]
[EventCountry "GER"]
[SourceTitle "CB16_2024"]
[SourceDate "2024.04.17"]
[SourceVersion "1"]
[SourceVersionDate "2024.04.17"]
[SourceQuality "1"]

1. d4 d6 2. Nf3 Nd7 3. Bg5 Ngf6 4. Nbd2 g6 5. e4 Bg7 6. Be2 0-0 7. c3 h6 8. Bh4 e5 9. dxe5 dxe5 10. Qc2 Qe7 11. 0-0-0 Nb6 12. Nb3 a5 13. Bg3 a4 14. Nbd2 Nh5 15. Nc4 Nxc4 16. Bxc4 a3 17. b3 c6 18. Nh4 b5 19. Be2 Nf4 20. Bxf4 exf4 21. g3 b4 22. Bc4 fxg3 23. hxg3 Kh7 24. f4 Bxc3 25. e5 Kg7 26. Rd6 Bb2+ 27. Kb1 Rh8 28. Rf6 Qxf6 29. exf6+ Bxf6 30. Bd3 Rd8 31. Nf3 Rxd3 32. Ne5 Rxg3 33. Qf2 Bf5+ 34. Ka1 Rc3 35. Re1 Ra5 36. Qe2 Rac5 37. Qd2 Rc2 38. Qd1 Rf2 0-1

[Event "St Veit op 42nd"]
[Site "St Veit"]
[Date "2023.07.09"]
[Round "2"]
[White "Rathmanner, Anton"]
[Black "Mayrhuber, Tobias"]
[Result "0-1"]
[WhiteElo "1636"]
[BlackElo "2067"]
[PlyCount "64"]
[EventDate "2023.07.08"]
[EventType "swiss"]
[EventRounds "9"]
[EventCountry "AUT"]
[SourceTitle "CBM 215 Extra"]
[Source "ChessBase"]
[SourceDate "2023.09.30"]
[SourceVersion "1"]
[SourceVersionDate "2023.09.30"]
[SourceQuality "1"]

1. d4 d5 2. Nf3 Nf6 3. e3 e6 4. Bd3 c5 5. 0-0 Nc6 6. c3 Bd6 7. h3 0-0 8. Nbd2 b6 9. b3 Bb7 10. Bb2 e5 11. dxe5 Nxe5 12. Be2 Qe7 13. Re1 Rfd8 14. Qc2 Rac8 15. Rac1 Bb8 16. Qb1 Ne4 17. Nf1 c4 18. Red1 Ba6 19. Nxe5 Qxe5 20. Rd4 b5 21. Bf3 f5 22. b4 Nf6 23. Rf4 Ne4 24. Bxe4 dxe4 25. Rh4 Qf6 26. g3 Rd3 27. Rd1 Rcd8 28. Rxd3 Rxd3 29. Qe1 Be5 30. Qe2 g6 31. f3 Bxg3 32. Rxh7 Bb8 0-1

[Event "Lienz op 17th"]
[Site "Lienz"]
[Date "2013.02.13"]
[Round "6"]
[White "Rathmanner, Anton"]
[Black "Fingerhut, Ludwig"]
[Result "1/2-1/2"]
[WhiteElo "1810"]
[BlackElo "1941"]
[PlyCount "20"]
[EventDate "2013.02.09"]
[EventType "swiss"]
[EventRounds "9"]
[EventCountry "AUT"]
[SourceTitle "CBM 152 Extra"]
[Source "ChessBase"]
[SourceDate "2013.02.25"]
[SourceVersion "1"]
[SourceVersionDate "2013.02.25"]
[SourceQuality "1"]

1. e4 e6 2. Qe2 d5 3. exd5 Qxd5 4. Nc3 Qd8 5. g3 Nf6 6. Bg2 c6 7. Nf3 Bb4 8. 0-0 Nbd7 9. Ne4 Nxe4 10. Qxe4 Ba5 1/2-1/2

[Event "Lienz op 17th"]
[Site "Lienz"]
[Date "2013.02.11"]
[Round "4"]
[White "Rathmanner, Anton"]
[Black "Walkner, Karl"]
[Result "1/2-1/2"]
[WhiteElo "1810"]
[BlackElo "1980"]
[PlyCount "35"]
[EventDate "2013.02.09"]
[EventType "swiss"]
[EventRounds "9"]
[EventCountry "AUT"]
[SourceTitle "CBM 152 Extra"]
[Source "ChessBase"]
[SourceDate "2013.02.25"]
[SourceVersion "1"]
[SourceVersionDate "2013.02.25"]
[SourceQuality "1"]

1. e4 e6 2. Qe2 c5 3. g3 Nc6 4. c3 d6 5. Bg2 Be7 6. Nf3 e5 7. d3 Nf6 8. Na3 0-0 9. Nc4 Bd7 10. Bd2 Ne8 11. Ne3 Nc7 12. Nd5 Nxd5 13. exd5 Nb8 14. h4 Bg4 15. Bh3 Bxh3 16. Rxh3 Qd7 17. Rh2 Qf5 18. Qe4 1/2-1/2

[Event "Lienz op 17th"]
[Site "Lienz"]
[Date "2013.02.10"]
[Round "3"]
[White "Moik, Franz"]
[Black "Rathmanner, Anton"]
[Result "1/2-1/2"]
[WhiteElo "2009"]
[BlackElo "1810"]
[PlyCount "28"]
[EventDate "2013.02.09"]
[EventType "swiss"]
[EventRounds "9"]
[EventCountry "AUT"]
[SourceTitle "CBM 152 Extra"]
[Source "ChessBase"]
[SourceDate "2013.02.25"]
[SourceVersion "1"]
[SourceVersionDate "2013.02.25"]
[SourceQuality "1"]

1. d4 Nf6 2. Nf3 d5 3. e3 c6 4. Bd3 Nbd7 5. 0-0 Qc7 6. Nbd2 e6 7. c4 Be7 8. b3 e5 9. dxe5 Nxe5 10. Be2 dxc4 11. Nxc4 Nxc4 12. Bxc4 Bg4 13. Bb2 0-0 14. Be2 Rad8 1/2-1/2

[Event "St Veit op-B 28th"]
[Site "St Veit"]
[Date "2009.07.11"]
[Round "1"]
[White "Rathmanner, Anton"]
[Black "Widowitz, Manfred"]
[Result "0-1"]
[WhiteElo "1798"]
[BlackElo "2055"]
[PlyCount "94"]
[EventDate "2009.07.11"]
[EventType "swiss"]
[EventRounds "9"]
[EventCountry "AUT"]
[SourceTitle "CBM 131 Extra"]
[Source "ChessBase"]
[SourceDate "2009.09.03"]
[SourceVersion "2"]
[SourceVersionDate "2009.09.16"]
[SourceQuality "1"]

1. e4 c5 2. Nf3 e6 3. d4 cxd4 4. Nxd4 d6 5. Be2 Nf6 6. Bg5 Be7 7. Bxf6 Bxf6 8. c3 a6 9. a4 0-0 10. 0-0 Qc7 11. Ra3 Bd7 12. Kh1 Nc6 13. f4 Rac8 14. Nf3 Rfd8 15. b4 Be8 16. Qe1 d5 17. Ng5 h6 18. exd5 hxg5 19. dxc6 Bxc6 20. fxg5 Bxg5 21. c4 Rd4 22. Rh3 Bxa4 23. Bh5 Be8 24. Na3 Rcd8 25. Qb1 g6 26. Bf3 Bc6 27. b5 Bxf3 28. Rhxf3 Rf4 29. Qb3 Rdd4 30. g3 Rf5 31. Rxf5 gxf5 32. Qf3 Be7 33. bxa6 bxa6 34. Qa8+ Kg7 35. Qxa6 Bxa3 36. Qxa3 Qxc4 37. Qf3 Rd3 38. Qe2 Qd5+ 39. Kg1 Rd2 40. Qf3 Qd4+ 41. Rf2 Kf6 42. Kg2 Rxf2+ 43. Qxf2 Qxf2+ 44. Kxf2 Kg5 45. h3 f4 46. h4+ Kg4 47. gxf4 Kxf4 0-1

[Event "St Veit op 25th"]
[Site "St Veit"]
[Date "2006.07.08"]
[Round "1"]
[White "Sandhoefner, Florian"]
[Black "Rathmanner, Anton"]
[Result "1-0"]
[WhiteElo "2271"]
[BlackElo "1757"]
[PlyCount "83"]
[EventDate "2006.07.08"]
[EventType "swiss"]
[EventRounds "9"]
[EventCountry "AUT"]
[SourceTitle "CBM 113 Extra"]
[Source "ChessBase"]
[SourceDate "2006.09.14"]
[SourceVersion "1"]
[SourceVersionDate "2006.09.14"]
[SourceQuality "1"]

1. e4 c6 2. d4 d5 3. Nd2 dxe4 4. Nxe4 Bf5 5. Ng3 Bg6 6. h4 h6 7. Nf3 Nd7 8. h5 Bh7 9. Bd3 Bxd3 10. Qxd3 Ngf6 11. Bd2 Qc7 12. 0-0-0 e6 13. Qe2 Bd6 14. Nf5 0-0-0 15. Nxd6+ Qxd6 16. Ne5 Rhf8 17. Rh4 Nd5 18. Rg4 f6 19. Nd3 Rf7 20. c4 Nc7 21. Bb4 Qh2 22. Nf4 e5 23. dxe5 fxe5 24. Nh3 Re8 25. Bd6 Re6 26. c5 Nd5 27. Qe4 b6 28. Rxd5 cxd5 29. Qxd5 Qh1+ 30. Kc2 Nxc5 31. Bxc5 Ref6 32. Be3 Rd7 33. Rc4+ Kd8 34. Qg8+ Ke7 35. Qxg7+ Rf7 36. Qxe5+ Kd8 37. Qh8+ Ke7 38. Re4+ Kd6 39. Qe5+ Kc6 40. Rc4+ Kb7 41. Qe4+ Ka6 42. Ra4+ 1-0